000 00640nam a2200193 4500
999 _c13726
_d13726
020 _a9786214200610
082 _aFil 899.211 R528 2016
100 _aRizal, Jose P.
245 _aNoli me tangere
_b: a novel /
_cby Jose P. Rizal ; written by Leo Miranda and D. G. Dumaraos ; illustration by Leonardo Giron.
260 _aMandaluyong City :
_bAnvil Publishing, Inc.,
_cc2016.
300 _a50 p.
526 _aFILIPINIANA
650 _aRizal, Jose P., 1861-1896.
650 _aNoli Me Tangere -- Comic books, strips, etc.
700 _aMiranda, Leo.
700 _aDumaraos, D. G.
700 _aGiron, Leonardo.
942 _2ddc
_cBK